Liquidación detallada de los presupuestos de gastos ordinarios y extraordinarios de 1973
में बचाया:
| निगमित लेखक: | |
|---|---|
| स्वरूप: | मूलपाठ |
| प्रकाशित: |
San José:
La Contraloría
|
| टैग: |
टैग जोड़ें
कोई टैग नहीं, इस रिकॉर्ड को टैग करने वाले पहले व्यक्ति बनें!
|
MARC
| LEADER | 00000 a a2200000 04500 | ||
|---|---|---|---|
| 001 | 17974 | ||
| 003 | |||
| 040 | |||
| 090 | |a EXTRAVIADO | ||
| 110 | |a Costa Rica. Contraloría General de la República | ||
| 245 | |a Liquidación detallada de los presupuestos de gastos ordinarios y extraordinarios de 1973 | ||
| 260 | |a San José: |b La Contraloría | ||
| 300 | |a 307 p. | ||
| 999 | |c 1477 |d 1477 | ||
